000
00317nam a2200133Ia 4500
008
240624s9999 xx 000 0 und d
041
_a
eng
082
_a
823 SAL
100
_a
SALINGER J D
245
_a
CATCHER IN THE RYE
260
_c
2010
_a
New Delhi
_b
Penguin Books India
300
_a
192 : p.
365
_c
RS
_b
25
999
_c
19251
_d
19251